Statistics for Different Languages Quiz #1 - Friend

Click here to take the quiz!

General Stats

  • This quiz has been taken 22 times
  • The average score is 11 of 15

Answer Stats

Word Language % Correct
FriendEnglish
100%
AmigoSpanish
100%
AmiFrench
100%
FreundGerman
94%
другRussian
94%
朋友Chinese
94%
PrzyjacieluPolish
89%
AmicoItalian
89%
VriendDutch
83%
VänSwedish
67%
VennNorwegian
50%
PřítelCzech
44%
PrietenRomanian
39%
PrijateljCroatian
39%
KaibiganFilipino
17%

Score Distribution

Percentile by Number Answered

Percent of People with Each Score

Your Score History

You have not taken this quiz